| 000 | 00452nam a2200181Ia 4500 | ||
|---|---|---|---|
| 001 | 24194 | ||
| 005 | 20260414151027.0 | ||
| 008 | 260414t2023||||xx |||||||||||||| ||spa|| | ||
| 041 | _aESP | ||
| 082 |
_a792.025 _bS29 |
||
| 100 |
_aSchaal, Hans Dieter, _eAUT |
||
| 245 | 0 |
_aStage architecture = BĂĽhnenarchitektur : _b001-2022 |
|
| 260 | _c2023 | ||
| 300 |
_a235 páginas : _c30 cm. |
||
| 650 | _aABD | ||
| 654 | _aCAU | ||
| 942 |
_cLIB _dJUS _fJUS _2ddc _n |
||
| 999 |
_c24194 _d24194 |
||